| 000 | 00948nam a22002417a 4500 | ||
|---|---|---|---|
| 001 | 63533 | ||
| 003 | BD-RjUL | ||
| 005 | 20211209081216.0 | ||
| 008 | 170131s1960 bg ||||| |||| 00| 0 ben d | ||
| 020 | _c: TK 9.00 | ||
| 035 | _a(BD-RjUL)63662 | ||
| 040 |
_aBD-RjUL _bben _cBD-RjUL |
||
| 041 | _aben | ||
| 082 |
_223 _a891.43 _bAJA 1960 |
||
| 100 |
_aআজাদ, আবুল কালাম _9127173 |
||
| 245 | 1 | 0 |
_aঅঙ্গবিহীন আলিঙ্গন : _b(রম্য-রচনা) / _cআবুল কালাম আজাদ ; অনুবাদ : তাজাকলম |
| 260 |
_aঢাকা : _bসিটি পাবলিশার্স, _c১৯৬০ |
||
| 300 |
_a[১০], ১৭৬ পৃ. ; _c২১ সেমি. |
||
| 650 |
_aউর্দু সাহিত্য _9127497 |
||
| 650 |
_aUrdu Literature _9136060 |
||
| 700 |
_aতাজাকলম, অনুবাদক _9145084 |
||
| 942 |
_2ddc _cBK |
||
| 999 |
_c63533 _d63533 |
||